|
|
|
|
| LEADER |
00690nam a22002057a 4500 |
| 001 |
4243 |
| 003 |
BD-DhAAL |
| 008 |
151221b1997 ii a|||| b||| 001 0 eng d |
| 040 |
|
|
|a BD-DhAAL
|c BD-DhAAL
|
| 082 |
|
|
|a 658
|
| 100 |
|
|
|a Bajpai, B. L
|9 16890
|
| 245 |
|
|
|a Making management still more effective /
|c by B. L Bajpai
|
| 260 |
|
|
|a New Delhi :
|b Vikas Publishing,
|c 1997
|
| 300 |
|
|
|a 279 p. :
|b ill. ;
|c 22 cm.
|
| 504 |
|
|
|6 Includes bibliography and index.
|
| 541 |
|
|
|e 4243
|
| 650 |
|
|
|a Management.
|9 16891
|
| 942 |
|
|
|2 ddc
|c BK
|
| 999 |
|
|
|c 36426
|d 36426
|
| 952 |
|
|
|0 0
|1 0
|2 ddc
|4 0
|6 658_000000000000000_BAJ
|7 0
|9 57326
|a SCL
|b SCL
|c GEN
|d 2015-12-21
|g 203.00
|l 0
|o 658 BAJ
|p 3020004243
|r 2015-12-21
|t 1
|w 2015-12-21
|y BK
|